Conflictos y judicializacin̤ de la polt̕ica en la Sierra Nevada de Santa Marta

Detalles Bibliográficos
Autor principal: Mora Rodrg̕uez, Alexandra
Otros Autores: Naranjo Peą, Edgar
Formato: eBook
Lenguaje:español
Publicado: Bogot ̀: Editorial universidad del Rosario (Colombia), 2010
Materias:
Acceso en línea:Acceso restringido

MARC

LEADER 00000nam a22000007a 4500
005 2012062904364.0
007 cr|||| ||||
008 120629s2010 co |||||s|||| 00||0 spa d
020 |a 978-958-738-140-5 
035 |a 6349 
040 |a vLex 
090 |c 3255  |d 3255 
100 1 |a Mora Rodrg̕uez, Alexandra 
245 1 0 |a Conflictos y judicializacin̤ de la polt̕ica en la Sierra Nevada de Santa Marta  |h [Recurso electrn̤ico] /  |c Alexandra Mora Rodrg̕uez, Édgar Naranjo Peą  
256 |a Servicio en ln̕ea 
260 |a Bogot ̀:  |b Editorial universidad del Rosario (Colombia),  |c 2010 
300 |a 1 recurso electrn̤ico 
506 1 |a Contenido solo disponible en los productos indicados  |d vLex Global   |d vLex Global (Academic Edition, excluding Law Schools)   |d vLex Global (U.S. Academic Edition, Law Schools)   |d vLex Global (U.S. Academic Edition, excluding Law Schools)   |d vLex Global (Academic Edition, Law Schools)  
650 0 4 |a Derechos humanos  |z Colombia 
650 0 4 |a Aborg̕enes  |z Colombia 
650 0 4 |a Conflictos sociales  |z Colombia 
700 1 |a Naranjo Peą, Edgar 
740 0 |a vLex Libros (Servicio en ln̕ea) 
856 4 0 |u http://vlex.com/source/conflictos-judicializacion-politica-sierra-nevada-santa-marta-6349  |z Acceso restringido 
942 |c BOOK 
999 0 |a  Social conflict 
999 0 |a Indigenous peoples 
999 0 |a Human rights